Mono-olefins : chemistry and technology /

Guardado en:
Autor Principal: Asinger, Friedrich.
Otros Autores: Hazzard, B. J., (Editor , ed.)
Formato: Libro
Idioma:English
German
Publicado: Oxford : Pergamon Press, 1968.
Edición:1st English ed.
Materias:
Etiquetas: Agregar Etiqueta
Sin Etiquetas, Sea el primero en etiquetar este registro!
LEADER 00887cam a22002535a 4500
001 EIQ.libpla000925
008 701012s1968####enka#####b####001#0#eng#d
005 20060622183120.0
245 1 0 |a Mono-olefins :  |b chemistry and technology /  |c by F. Asinger ; translated by B.J. Hazzard. 
250 |a 1st English ed. 
260 |a Oxford :  |b Pergamon Press,  |c 1968. 
300 |a xxiii, 1167 p., [1] h. de láms. :  |b il. ;  |c 26 cm. 
500 |a Traducción de: Chemie und Technologie der Monoolefine. 
504 |a Incluye referencias bibliográficas e índice. 
020 |a 0080115470 
100 1 |a Asinger, Friedrich. 
700 1 |a Hazzard, B. J.,  |e ed.  |4 edt 
082 0 0 |a 661/.814 
650 4 |a Polimerización  |x Olefinas. 
650 4 |a Polymerization  |x Olefins. 
010 |a  68022078  
040 |a DLC  |c DLC  |d AR-BbSID 
041 1 |a eng  |h ger 
859 |a AR-BbSID  |b BIB. PLAPIQUI  |h 547.412  |i As 43  |p 615